[Event "Paracin 2018"]
[Site "Paracin, Hotel Petrus"]
[Date "2018.07.10"]
[Round "5.53"]
[White "Harshini, A."]
[Black "Petrov, Georgi"]
[Result "1/2-1/2"]
[WhiteElo "2037"]
[BlackElo "2213"]
[PlyCount "73"]
[EventDate "2018.07.06"]

1. e4 d5 2. exd5 Qxd5 3. Nc3 Qd6 4. d4 a6 5. Nf3 Nf6 6. Be2 e6 7. O-O Nbd7 8.
a4 b6 9. Re1 Bb7 10. h3 h6 11. Ne5 Nxe5 12. dxe5 Qxd1 13. Bxd1 Nd7 14. f4 Bc5+
15. Be3 O-O-O 16. Bxc5 Nxc5 17. b4 Nd7 18. Bh5 g6 19. Be2 g5 20. Bh5 Rh7 21.
fxg5 hxg5 22. Bg4 Nf8 23. Ne4 Rg7 24. Rad1 Rxd1 25. Bxd1 Ng6 26. Nf6 Nf4 27. g3
Nxh3+ 28. Kf1 g4 29. Bxg4 Ng5 30. Bh5 Bc6 31. a5 Nh7 32. g4 bxa5 33. bxa5 Kd8
34. Rb1 Bb5+ 35. Kf2 Ke7 36. Nxh7 Rxh7 37. Ke3 1/2-1/2

[Event "Paracin 2018"]
[Site "Paracin, Hotel Petrus"]
[Date "2018.07.10"]
[Round "5.54"]
[White "Zhukov, Anton"]
[Black "Winkelman, Albert"]
[Result "1/2-1/2"]
[WhiteElo "2046"]
[BlackElo "2210"]
[PlyCount "32"]
[EventDate "2018.07.06"]

1. d4 Nf6 2. c4 e6 3. g3 d5 4. Nf3 Be7 5. Bg2 O-O 6. O-O dxc4 7. Qc2 b6 8. Qxc4
Bb7 9. Nc3 Nbd7 10. Bf4 c5 11. dxc5 Nxc5 12. Rfd1 Qc8 13. b4 Nce4 14. Qxc8
Raxc8 15. Nxe4 Bxe4 16. a3 Nd5 1/2-1/2

[Event "Paracin 2018"]
[Site "Paracin, Hotel Petrus"]
[Date "2018.07.10"]
[Round "5.55"]
[White "Sahil, Tickoo"]
[Black "Yerden, Huseyin Eren"]
[Result "1-0"]
[WhiteElo "2202"]
[BlackElo "2022"]
[PlyCount "327"]
[EventDate "2018.07.06"]

1. d4 Nf6 2. c4 e6 3. Nc3 Bb4 4. Qc2 O-O 5. a3 Bxc3+ 6. Qxc3 b6 7. Bg5 Bb7 8.
e3 h6 9. Bh4 d6 10. f3 Nbd7 11. Be2 c5 12. Nh3 Rc8 13. Nf2 Qc7 14. O-O Ba6 15.
Rac1 d5 16. b3 dxc4 17. Bxc4 b5 18. Be2 Nd5 19. Qd2 c4 20. bxc4 bxc4 21. Ne4
Qc6 22. Nc3 N7b6 23. e4 Nxc3 24. Qxc3 Na4 25. Qa5 Qb5 26. Qxb5 Bxb5 27. Rc2 g5
28. Bf2 Nb6 29. h4 Ba4 30. Rcc1 Bb3 31. hxg5 hxg5 32. Be3 f6 33. f4 f5 34. fxg5
fxe4 35. Rxf8+ Kxf8 36. Bg4 c3 37. Rf1+ Kg7 38. Bh5 c2 39. Bc1 Nd5 40. Rf7+ Kg8
41. Rb7 Nb6 42. Bf7+ Kh8 43. g6 Bd5 44. Rxa7 Rc3 45. Be8 e3 46. Kh2 Nc8 47.
Rh7+ Kg8 48. Bf7+ Kf8 49. Kg3 Nd6 50. Kg4 Ne4 51. Kf4 Nf2 52. Ke5 Ng4+ 53. Kf4
e2 54. Rh1 Nf2 55. Ke5 Ng4+ 56. Kf4 Bxg2 57. Re1 Rf3+ 58. Kxg4 Rf1 59. Bh6+ Ke7
60. Bg5+ Kd7 61. g7 Bf3+ 62. Kf4 Rxe1 63. Kxf3 c1=Q 64. Bxc1 Rg1 65. Kxe2 Rxg7
66. Bh5 Rg1 67. Bd2 Rg2+ 68. Kd3 Rg3+ 69. Be3 Rh3 70. Bg4 Rg3 71. Bd1 Kd6 72.
Ke4 Rg8 73. Bd2 Rg7 74. Bb4+ Kc7 75. Bb3 Kd7 76. Ke5 Rg5+ 77. Ke4 Rg4+ 78. Ke5
Rg5+ 79. Kf4 Rf5+ 80. Ke4 Rh5 81. Bc5 Rh4+ 82. Kd3 Rh3+ 83. Kc4 Rh4 84. Kb5 Rh1
85. a4 Rb1 86. Kb4 Kc6 87. Kc3 e5 88. Bf7 exd4+ 89. Bxd4 Rc1+ 90. Kb4 Rb1+ 91.
Kc4 Rc1+ 92. Bc3 Kb6 93. Be6 Ka6 94. Bc8+ Kb6 95. Bd7 Ka6 96. Bb5+ Kb6 97. a5+
Kb7 98. Kd4 Rd1+ 99. Kc4 Rc1 100. Kd3 Rb1 101. Bc4 Rd1+ 102. Kc2 Rd8 103. Kb3
Rc8 104. a6+ Ka8 105. Bd5+ Ka7 106. Bb7 Rc7 107. Bd4+ Kb8 108. Be5 Ka7 109.
Bd4+ Kb8 110. Bg2 Rd7 111. Kc4 Re7 112. Kb5 Rh7 113. Bc6 Rc7 114. Be5 Ka7 115.
Bd4+ Kb8 116. Bg2 Rh7 117. Be3 Rf7 118. Bd5 Rg7 119. Bc5 Rh7 120. Be4 Rf7 121.
Bd4 Re7 122. Bc6 Rh7 123. Be5+ Ka7 124. Bd4+ Kb8 125. Kb6 Rb7+ 126. Kc5 Rh7
127. Kb5 Rf7 128. Bc5 Rh7 129. Bf2 Rf7 130. Be3 Rh7 131. Bd5 Rg7 132. Kc6 Rg6+
133. Kb5 Rg7 134. Bf2 Rh7 135. Be4 Rf7 136. Bg3+ Ka7 137. Bd6 Rg7 138. Bd3 Rf7
139. Bg6 Rg7 140. Bd3 Rf7 141. Bc5+ Kb8 142. Kc6 Rc7+ 143. Kb6 Rb7+ 144. Kc6
Rc7+ 145. Kd6 Rf7 146. Ke6 Rg7 147. Bd4 Rg4 148. Bc5 Ra4 149. Kd6 Rg4 150. Bf5
Rg7 151. Ke6 Ka8 152. Bd4 Rg8 153. Be4+ Kb8 154. a7+ Kc7 155. a8=Q Rxa8 156.
Bxa8 Kb8 157. Bd5 Kc7 158. Bc5 Kc8 159. Bc6 Kc7 160. Bb5 Kb7 161. Kd6 Kb8 162.
Ba6 Ka8 163. Kc6 Kb8 164. Kb6 1-0

[Event "Paracin 2018"]
[Site "Paracin, Hotel Petrus"]
[Date "2018.07.10"]
[Round "5.56"]
[White "Bergsson, Stefan"]
[Black "Vlassis, Georgios"]
[Result "1-0"]
[WhiteElo "2192"]
[BlackElo "2005"]
[PlyCount "89"]
[EventDate "2018.07.06"]

1. c4 Nf6 2. Nc3 e6 3. d4 d5 4. cxd5 exd5 5. Bg5 c6 6. Qc2 h6 7. Bh4 Be7 8. e3
Be6 9. Bd3 Nbd7 10. Nge2 Nf8 11. O-O Bg4 12. Rac1 Bh5 13. f3 Bg6 14. e4 dxe4
15. fxe4 Ne6 16. e5 Nxd4 17. Qa4 Bxd3 18. exf6 Nxe2+ 19. Nxe2 Bxf6 20. Rxf6
gxf6 21. Nf4 Qd6 22. Nxd3 Qxd3 23. Re1+ Kf8 24. Bxf6 Rh7 25. Qb4+ Kg8 26. Qxb7
Rf8 27. Qxa7 h5 28. Qe7 Rh6 29. Bc3 Qd6 30. Qg5+ Qg6 31. Qe5 f6 32. Qc7 Rh7 33.
Qxc6 Rg7 34. a4 Kh7 35. Qe4 f5 36. Qf3 Rgf7 37. a5 f4 38. Re5 Rf5 39. Re7+ R5f7
40. Re1 Rd7 41. a6 Qb6+ 42. Kh1 Qxa6 43. Qxh5+ Qh6 44. Qg4 Rfd8 45. h3 1-0

[Event "Paracin 2018"]
[Site "Paracin, Hotel Petrus"]
[Date "2018.07.10"]
[Round "5.57"]
[White "Horton, Jamie A"]
[Black "Todorov, Kaloyan"]
[Result "1-0"]
[WhiteElo "2189"]
[BlackElo "1977"]
[PlyCount "67"]
[EventDate "2018.07.06"]

1. e4 e5 2. Nf3 Nc6 3. Bc4 Bc5 4. d3 d6 5. c3 Nf6 6. Bb3 h6 7. Nbd2 O-O 8. O-O
a6 9. h3 Re8 10. Re1 Ba7 11. Nf1 Ne7 12. Ng3 Ng6 13. d4 c6 14. Bc2 Qc7 15. Be3
Be6 16. Qd2 Nh7 17. Nf5 f6 18. h4 Ngf8 19. Rad1 Rad8 20. Qe2 Bb8 21. d5 Bf7 22.
Nh2 Kh8 23. Qg4 Bg6 24. Nf1 h5 25. Qf3 cxd5 26. Rxd5 Ne6 27. N1g3 Bf7 28. Rd2
Nc5 29. Red1 Qc6 30. Nxh5 Bxh5 31. Qxh5 Nxe4 32. Qg6 Rg8 33. Ne7 Qe8 34. Bxe4
1-0

[Event "Paracin 2018"]
[Site "Paracin, Hotel Petrus"]
[Date "2018.07.10"]
[Round "5.58"]
[White "Altun, Arda"]
[Black "Ongut, Tamas Gunes"]
[Result "1-0"]
[WhiteElo "1955"]
[BlackElo "2185"]
[PlyCount "83"]
[EventDate "2018.07.06"]

1. e4 e5 2. Nf3 Nc6 3. Bb5 a6 4. Bxc6 dxc6 5. d4 exd4 6. Qxd4 Qxd4 7. Nxd4 Bd7
8. Be3 O-O-O 9. Nc3 f6 10. O-O-O Bd6 11. f3 Ne7 12. Nb3 b6 13. Kb1 Kb7 14. Ne2
Rhe8 15. Bf4 Nc8 16. c3 f5 17. Bg5 Be7 18. Bxe7 Rxe7 19. Ng3 Nd6 20. exf5 Rde8
21. Kc1 Bc8 22. Nd4 c5 23. Nc2 Nxf5 24. Rhe1 Kc6 25. Rxe7 Rxe7 26. Re1 Rxe1+
27. Nxe1 Nxg3 28. hxg3 Bf5 29. g4 Be6 30. a3 Kd6 31. Kd2 g5 32. Nd3 Kd5 33. g3
a5 34. Nf2 b5 35. Kd3 c4+ 36. Ke3 c5 37. f4 b4 38. Kf3 Kc6 39. Ne4 Kb6 40. Nxg5
Bd5+ 41. Ke3 bxa3 42. bxa3 1-0

[Event "Paracin 2018"]
[Site "Paracin, Hotel Petrus"]
[Date "2018.07.10"]
[Round "5.59"]
[White "Cirovic, Miroljub"]
[Black "Ahmed, Fareed"]
[Result "0-1"]
[WhiteElo "2183"]
[BlackElo "1953"]
[PlyCount "74"]
[EventDate "2018.07.06"]

1. d4 Nf6 2. c4 e6 3. Nf3 Bb4+ 4. Nbd2 d5 5. Qa4+ Nc6 6. a3 Bxd2+ 7. Bxd2 Ne4
8. e3 O-O 9. Bd3 Nxd2 10. Nxd2 dxc4 11. Bxc4 e5 12. d5 Ne7 13. e4 c6 14. dxc6
Nxc6 15. Bd5 Nd4 16. h4 Bg4 17. f3 Be6 18. Bxe6 Nxe6 19. O-O-O Nc5 20. Qc2 Nd3+
21. Kb1 Nf2 22. Nc4 Nxd1 23. Rxd1 Qxh4 24. Nxe5 Rfd8 25. Rxd8+ Qxd8 26. Qc4 Qe7
27. Nd3 Rd8 28. Nb4 h6 29. Nd5 Qe5 30. f4 Qd6 31. f5 Qe5 32. f6 gxf6 33. g4 Re8
34. Ka2 Kg7 35. Qf1 Qxe4 36. Qxf6+ Kg8 37. Nc3 Qe6+ 0-1

[Event "Paracin 2018"]
[Site "Paracin, Hotel Petrus"]
[Date "2018.07.10"]
[Round "5.60"]
[White "Ayan, Bengu Sena"]
[Black "Gochev, Mladen"]
[Result "0-1"]
[WhiteElo "1787"]
[BlackElo "2181"]
[PlyCount "76"]
[EventDate "2018.07.06"]

1. d4 g6 2. c4 Bg7 3. Nc3 c5 4. d5 d6 5. e4 e6 6. f4 exd5 7. cxd5 Qh4+ 8. g3
Qe7 9. Qe2 Nf6 10. Bd2 Bg4 11. Nf3 O-O 12. O-O-O Re8 13. Re1 Nbd7 14. Bg2 b5
15. h3 Bxf3 16. Bxf3 b4 17. Nb5 Rec8 18. e5 Ne8 19. e6 Ndf6 20. exf7+ Qxf7 21.
Qe6 Rd8 22. g4 a6 23. g5 axb5 24. gxf6 Bxf6 25. Kb1 Ng7 26. Qxf7+ Kxf7 27. Bg4
Nf5 28. Re6 Ra6 29. Bxf5 gxf5 30. Rg1 Rda8 31. Bc1 Rxa2 32. Kc2 R8a6 33. Rge1
c4 34. Re8 b3+ 35. Kd1 c3 36. Rc8 cxb2 37. Rc7+ Kg6 38. Rg1+ Kh6 0-1

[Event "Paracin 2018"]
[Site "Paracin, Hotel Petrus"]
[Date "2018.07.10"]
[Round "5.61"]
[White "Jovanovic, Sasa T"]
[Black "Bilic, Milanko"]
[Result "1-0"]
[WhiteElo "2258"]
[BlackElo "2066"]
[PlyCount "103"]
[EventDate "2018.07.06"]

1. Nf3 Nf6 2. c4 g6 3. b3 Bg7 4. Bb2 O-O 5. g3 d6 6. d4 c6 7. Bg2 Bf5 8. h3 d5
9. cxd5 cxd5 10. O-O Nc6 11. Nc3 Ne4 12. Nxe4 Bxe4 13. Qd2 Qb6 14. e3 Rac8 15.
Rfc1 Nb4 16. Ba3 a5 17. Ne1 Bxg2 18. Kxg2 e5 19. dxe5 Bxe5 20. Bb2 Rxc1 21.
Rxc1 Nxa2 22. Ra1 Bxb2 23. Rxa2 Bg7 24. Qxd5 Bc3 25. Nf3 Rd8 26. Qc4 Qc6 27.
Qxc6 bxc6 28. Rc2 Rd3 29. Kf1 Bb4 30. Nd4 Rd1+ 31. Ke2 Re1+ 32. Kd3 c5 33. Nc6
Ra1 34. Kc4 Kf8 35. Nd8 Rb1 36. Nb7 Ke8 37. Ra2 Rc1+ 38. Kb5 Rb1 39. Kc4 Rc1+
40. Kd5 Rc3 41. Nxa5 Bxa5 42. Rxa5 Rxb3 43. Rxc5 Rb2 44. f4 Rg2 45. g4 Rg3 46.
e4 Rd3+ 47. Kc4 Rxh3 48. Rc7 h6 49. Kd5 Rh4 50. f5 Rh1 51. Ke5 Rd1 52. Kf6 1-0

[Event "Paracin 2018"]
[Site "Paracin, Hotel Petrus"]
[Date "2018.07.10"]
[Round "5.62"]
[White "Djukic, Sandra"]
[Black "Rakshitta, Ravi"]
[Result "0-1"]
[WhiteElo "2181"]
[BlackElo "2026"]
[PlyCount "70"]
[EventDate "2018.07.06"]

1. d4 Nf6 2. c4 e6 3. Nf3 d5 4. Nc3 Nbd7 5. Bg5 c6 6. e3 Qa5 7. Nd2 Bb4 8. Qc2
O-O 9. Be2 dxc4 10. Bxf6 Nxf6 11. Nxc4 Qc7 12. O-O b6 13. a3 Be7 14. Rfd1 Bb7
15. Bf3 Rac8 16. Rac1 Rfd8 17. e4 Qb8 18. b4 Ba6 19. Ne3 Rc7 20. e5 Ne8 21. Qe4
Rcd7 22. Qf4 Bb7 23. Rc2 Nc7 24. Qg4 Nd5 25. Ncxd5 cxd5 26. Rdc1 a5 27. Be2 Rc8
28. Nxd5 Rxd5 29. Rxc8+ Bxc8 30. Rc3 axb4 31. axb4 Rd7 32. Rg3 g6 33. h4 Qa7
34. Rd3 Qa1+ 35. Kh2 Ba6 0-1

[Event "Paracin 2018"]
[Site "Paracin, Hotel Petrus"]
[Date "2018.07.10"]
[Round "5.63"]
[White "Srdanovic, Jovana"]
[Black "Baltic, Fatih"]
[Result "1-0"]
[WhiteElo "2064"]
[BlackElo "2157"]
[PlyCount "93"]
[EventDate "2018.07.06"]

1. e4 c5 2. Nf3 e6 3. c4 Nc6 4. d4 cxd4 5. Nxd4 Bb4+ 6. Nc3 Nf6 7. Qd3 a6 8. f3
O-O 9. a3 Bc5 10. Nb3 Ne5 11. Qc2 Ba7 12. c5 d5 13. Bg5 h6 14. Bh4 Ng6 15. Bg3
e5 16. Nxd5 Nxd5 17. exd5 Qxd5 18. Bc4 Qc6 19. O-O-O Bb8 20. Bd5 Qf6 21. Nd2
Bf5 22. Ne4 Qe7 23. Rhe1 Rc8 24. b4 Ba7 25. Qb3 Rab8 26. Nd6 Bxc5 27. Nxc8 Rxc8
28. bxc5 Rxc5+ 29. Kd2 Rc2+ 30. Qxc2 Bxc2 31. Kxc2 Qxa3 32. Bb3 a5 33. Rd8+ Kh7
34. Bxf7 Ne7 35. Rxe5 Nc6 36. Bg8+ Kh8 37. Bd5+ Nxd8 38. Re8+ Kh7 39. Be4+ g6
40. Rxd8 Qc5+ 41. Kd1 Qb5 42. Rd6 Qa4+ 43. Bc2 Qa1+ 44. Kd2 Kg7 45. Rxg6+ Kf7
46. Rd6 Qg1 47. Rd7+ 1-0

[Event "Paracin 2018"]
[Site "Paracin, Hotel Petrus"]
[Date "2018.07.10"]
[Round "5.64"]
[White "Farkas, Sandor I"]
[Black "Pajcin, Lav"]
[Result "1/2-1/2"]
[WhiteElo "1998"]
[BlackElo "2130"]
[PlyCount "39"]
[EventDate "2018.07.06"]

1. c4 e5 2. g3 Nc6 3. Bg2 Bc5 4. Nc3 a6 5. a3 Nf6 6. e3 O-O 7. Nge2 Re8 8. d3
Bf8 9. O-O g6 10. Rb1 Bg7 11. b4 Ne7 12. Qb3 c6 13. e4 d6 14. a4 Be6 15. b5
axb5 16. axb5 d5 17. bxc6 bxc6 18. cxd5 cxd5 19. Qb6 Qxb6 20. Rxb6 1/2-1/2

[Event "Paracin 2018"]
[Site "Paracin, Hotel Petrus"]
[Date "2018.07.10"]
[Round "5.65"]
[White "Lopuszanski, Kamil"]
[Black "Kolbert, Engelbert"]
[Result "1/2-1/2"]
[WhiteElo "1984"]
[BlackElo "2124"]
[PlyCount "71"]
[EventDate "2018.07.06"]

1. d4 Nf6 2. c4 c5 3. d5 g6 4. Nc3 d6 5. Nf3 Bg7 6. e4 O-O 7. Bd3 e6 8. h3 exd5
9. cxd5 a6 10. a4 Nbd7 11. Bf4 Qe7 12. O-O h6 13. Qd2 Kh7 14. Bh2 Nh5 15. g4
Nhf6 16. Rfe1 Ne8 17. Kg2 Ne5 18. Nxe5 dxe5 19. f4 Nd6 20. a5 c4 21. Bf1 Bd7
22. Na4 Rae8 23. f5 gxf5 24. gxf5 Bf6 25. Qe2 Bh4 26. Red1 Rg8+ 27. Kh1 Qg5 28.
Nb6 Bb5 29. Qf3 Rg7 30. Be2 Qf6 31. Rg1 Reg8 32. Rxg7+ Rxg7 33. Rc1 Qg5 34. Rg1
Qf6 35. Rc1 Qg5 36. Rg1 1/2-1/2

[Event "Paracin 2018"]
[Site "Paracin, Hotel Petrus"]
[Date "2018.07.10"]
[Round "5.66"]
[White "Stankovic, Milos M"]
[Black "Petrovic, Zoran Z"]
[Result "1-0"]
[WhiteElo "2100"]
[BlackElo "2025"]
[PlyCount "67"]
[EventDate "2018.07.06"]

1. d4 d5 2. c4 e6 3. Nf3 Nf6 4. g3 Bb4+ 5. Bd2 c5 6. Bxb4 cxb4 7. Nbd2 O-O 8.
Bg2 Nc6 9. O-O a5 10. Qc2 dxc4 11. Qxc4 Bd7 12. Qd3 Rb8 13. Nc4 Qe7 14. Nfe5
Qd8 15. Nxc6 Bxc6 16. Bxc6 bxc6 17. Ne5 Qb6 18. Rac1 Rbc8 19. Rc5 Rfd8 20. Rfc1
Nd7 21. Nxd7 Rxd7 22. e3 h6 23. Qc2 a4 24. Rxc6 Rxc6 25. Qxc6 Qa7 26. Qc5 Kh7
27. Qxb4 Rb7 28. Qc3 Qa6 29. Qc2+ g6 30. Qc8 Qb5 31. Rc2 Kg7 32. Qc5 g5 33.
Qxb5 Rxb5 34. Rc4 1-0

[Event "Paracin 2018"]
[Site "Paracin, Hotel Petrus"]
[Date "2018.07.10"]
[Round "5.67"]
[White "Tarun, V Kanth"]
[Black "Damjanovic, Vuk"]
[Result "1-0"]
[WhiteElo "2086"]
[BlackElo "1939"]
[PlyCount "103"]
[EventDate "2018.07.06"]

1. d4 Nf6 2. c4 c5 3. d5 b5 4. Qc2 Na6 5. a3 b4 6. a4 g6 7. b3 Bg7 8. Bb2 d6 9.
e4 e5 10. Bd3 O-O 11. Ne2 Nh5 12. O-O Nc7 13. Nd2 Bh6 14. Rae1 Ne8 15. Bc1 Neg7
16. Nb1 Bxc1 17. Qxc1 Qh4 18. f4 exf4 19. Nxf4 Nxf4 20. Rxf4 Qe7 21. Nd2 f6 22.
Ref1 a5 23. Qa1 Ne8 24. Qe1 Ng7 25. Qf2 Nh5 26. Rh4 Ng7 27. Rf4 Nh5 28. Rf3 Bg4
29. Re3 Rf7 30. h3 Bd7 31. Rf3 Raf8 32. g4 Ng7 33. Re1 Qe5 34. Nf1 Re8 35. Ng3
f5 36. Rf1 f4 37. Rxf4 Qxf4 38. Qxf4 Rxf4 39. Rxf4 Rf8 40. Rxf8+ Kxf8 41. e5
Ne8 42. e6 Bc8 43. Kf2 Kg7 44. Ne4 h6 45. Ke3 Bb7 46. Kf4 Kf8 47. g5 Kg7 48.
gxh6+ Kxh6 49. Nxd6 Nxd6 50. Ke5 Nf5 51. Bxf5 gxf5 52. e7 1-0

[Event "Paracin 2018"]
[Site "Paracin, Hotel Petrus"]
[Date "2018.07.10"]
[Round "5.68"]
[White "Danaci, Ege"]
[Black "Mijatovic, Dusan"]
[Result "1-0"]
[WhiteElo "1902"]
[BlackElo "2071"]
[PlyCount "97"]
[EventDate "2018.07.06"]

1. e4 e6 2. d4 d5 3. Nd2 Be7 4. e5 c5 5. Qg4 Kf8 6. dxc5 Nc6 7. Ngf3 h5 8. Qg3
h4 9. Qf4 g5 10. Qa4 Bd7 11. Bb5 Nh6 12. Nb3 Nf5 13. Bd2 a6 14. Bxc6 Bxc6 15.
Qg4 Rg8 16. Nfd4 Bd7 17. O-O-O Qc7 18. Nxf5 exf5 19. Qd4 Be6 20. Ba5 Qc6 21.
Bb6 Rc8 22. Na5 Qd7 23. c4 Bd8 24. Bxd8 Rxd8 25. cxd5 Bxd5 26. Nc4 Be6 27. Qxd7
Rxd7 28. Rxd7 Bxd7 29. Nd6 Bc6 30. Nxf5 h3 31. Rg1 hxg2 32. Nd4 Bd5 33. f3 g4
34. Rxg2 gxf3 35. Rxg8+ Kxg8 36. Kd2 Bxa2 37. Nxf3 Kg7 38. Kc3 f6 39. b3 Bb1
40. e6 Kf8 41. Kd4 Bc2 42. Kd5 Ke7 43. Nd4 Bb1 44. c6 bxc6+ 45. Nxc6+ Ke8 46.
Kd6 Bd3 47. Nd4 Be4 48. e7 Bd3 49. Ne6 1-0

[Event "Paracin 2018"]
[Site "Paracin, Hotel Petrus"]
[Date "2018.07.10"]
[Round "5.69"]
[White "Zlatanovic, Zoran"]
[Black "Caberoglu, Arda"]
[Result "1/2-1/2"]
[WhiteElo "2108"]
[BlackElo "1869"]
[PlyCount "47"]
[EventDate "2018.07.06"]

1. e4 c6 2. d3 d5 3. Nd2 e5 4. Ngf3 Bd6 5. g3 Nf6 6. Bg2 O-O 7. O-O Re8 8. c3
Nbd7 9. Nh4 Nc5 10. Qc2 Qc7 11. b4 Ncd7 12. a3 a5 13. Rb1 Nf8 14. c4 dxc4 15.
dxc4 c5 16. b5 b6 17. Nf5 Ne6 18. Ne3 Nd4 19. Qd3 Be6 20. Nd5 Qd8 21. a4 Nd7
22. f4 f6 23. f5 Bxd5 24. exd5 1/2-1/2

[Event "Paracin 2018"]
[Site "Paracin, Hotel Petrus"]
[Date "2018.07.10"]
[Round "5.70"]
[White "Radovic, Stefan"]
[Black "Milanovic, Maja"]
[Result "0-1"]
[WhiteElo "2045"]
[BlackElo "1955"]
[PlyCount "100"]
[EventDate "2018.07.06"]

1. Nf3 Nf6 2. c4 e6 3. Nc3 b6 4. g3 Bb7 5. Bg2 c5 6. O-O a6 7. d4 cxd4 8. Qxd4
Nc6 9. Qf4 Ne7 10. b3 Ng6 11. Qd2 Bc5 12. Bb2 Qc7 13. e3 h5 14. h4 Ng4 15. Ne2
f6 16. b4 Be7 17. c5 bxc5 18. bxc5 Bxc5 19. Rac1 Rc8 20. Rfd1 d6 21. Bd4 Qe7
22. Qd3 Kf7 23. Rb1 Bxf3 24. Bxf3 N4e5 25. Bxe5 Nxe5 26. Qe4 d5 27. Qf4 Bd6 28.
Bg2 Rc4 29. e4 dxe4 30. Bxe4 Rd8 31. Rxd6 Rxd6 32. Rb7 Qxb7 33. Bxb7 Rxf4 34.
Nxf4 g6 35. Kf1 a5 36. Ke2 Nd7 37. Be4 f5 38. Bc2 Nc5 39. f3 e5 40. Nh3 Kf6 41.
Nf2 Rb6 42. Kd2 Rb2 43. g4 Rxa2 44. g5+ Ke7 45. Nd1 e4 46. Nc3 Rxc2+ 47. Kxc2
exf3 48. Kd1 a4 49. Nd5+ Kf7 50. Ke1 Ne4 0-1

[Event "Paracin 2018"]
[Site "Paracin, Hotel Petrus"]
[Date "2018.07.10"]
[Round "5.71"]
[White "Alivodic, Dario"]
[Black "Molnar Gabor, Roland"]
[Result "1-0"]
[WhiteElo "1930"]
[BlackElo "2034"]
[PlyCount "51"]
[EventDate "2018.07.06"]

1. d4 Nf6 2. c4 g6 3. Nc3 d5 4. Nf3 Bg7 5. Bg5 Ne4 6. cxd5 Nxg5 7. Nxg5 e6 8.
Qd2 exd5 9. Qe3+ Kf8 10. Qf4 Bf6 11. h4 h6 12. Nxd5 Bxg5 13. Qe5 Kg8 14. hxg5
Nc6 15. Nf6+ Kf8 16. Qc5+ Kg7 17. O-O-O Bf5 18. e4 hxg5 19. Rxh8 Kxh8 20. e5
Qf8 21. Bc4 Qh6 22. g4 Bxg4 23. Nxg4 Qh4 24. Qd5 Rd8 25. Qxf7 Qh7 26. Qf6+ 1-0

[Event "Paracin 2018"]
[Site "Paracin, Hotel Petrus"]
[Date "2018.07.10"]
[Round "5.72"]
[White "Stojanovic, Sreten"]
[Black "Vujcic, Milena"]
[Result "1/2-1/2"]
[WhiteElo "2060"]
[BlackElo "1911"]
[PlyCount "44"]
[EventDate "2018.07.06"]

1. e4 e5 2. Nf3 Nc6 3. c3 Nf6 4. Qc2 d5 5. exd5 Qxd5 6. b3 e4 7. Bc4 Qh5 8. Nd4
Nxd4 9. cxd4 Bd6 10. Be2 Bg4 11. d3 Bb4+ 12. Kf1 exd3 13. Qxd3 O-O 14. a3 Bxe2+
15. Qxe2 Rfe8 16. Be3 Qa5 17. Ra2 Bd6 18. b4 Qf5 19. Qc2 Qd5 20. Nc3 Qc4+ 21.
Ne2 Qxc2 22. Rxc2 c6 1/2-1/2

[Event "Paracin 2018"]
[Site "Paracin, Hotel Petrus"]
[Date "2018.07.10"]
[Round "5.73"]
[White "Murgul, Nenad"]
[Black "Konstantinov, Aleksandar"]
[Result "0-1"]
[WhiteElo "1851"]
[BlackElo "2133"]
[PlyCount "112"]
[EventDate "2018.07.06"]

1. e4 e6 2. d4 d5 3. Nc3 Nf6 4. e5 Nfd7 5. f4 c5 6. Nf3 Nc6 7. Be3 cxd4 8. Nxd4
Bc5 9. Nxc6 bxc6 10. Bxc5 Nxc5 11. Qd4 Qb6 12. Rb1 Ba6 13. Bxa6 Nxa6 14. Qxb6
axb6 15. a3 Nc5 16. O-O g6 17. Rfd1 Kd7 18. b4 Na4 19. Rb3 Nxc3 20. Rxc3 Rhc8
21. Rb1 Ra4 22. g3 c5 23. bxc5 Rxc5 24. Rxc5 bxc5 25. Ra1 Kc6 26. Kf2 d4 27.
Ke2 Kd5 28. Kd3 c4+ 29. Ke2 Ke4 30. Ra2 h5 31. h4 d3+ 32. cxd3+ cxd3+ 33. Kf2
Rc4 34. Ke1 Ke3 35. Kd1 Ra4 36. Ke1 Kf3 37. Kd2 Kxg3 38. Kxd3 Kxf4 39. Kc3 Kxe5
40. Kb3 Ra8 41. a4 f5 42. Rg2 Kf6 43. Kb4 f4 44. a5 e5 45. Kb5 f3 46. Rf2 e4
47. Kb6 Kf5 48. a6 Kf4 49. Kb7 Rf8 50. Rc2 Rf5 51. Kb6 e3 52. a7 Rf8 53. Kb7 e2
54. Rc8 Rxc8 55. Kxc8 e1=Q 56. a8=Q Qe8+ 0-1